| 000 | 00830nam a22002777a 4500 | ||
|---|---|---|---|
| 999 |
_c200459925 _d78137 |
||
| 003 | TR-AnTOB | ||
| 005 | 20240426090724.0 | ||
| 008 | 240426b ||||| |||| 00| 0 tur d | ||
| 020 | _a9786052521854 | ||
| 040 |
_aTR-AnTOB _beng _cTR-AnTOB _erda |
||
| 041 | _atur | ||
| 092 | _a301.1 BAU 2017 | ||
| 100 | _0Baussier, Sylvie | ||
| 245 |
_aKüçük ve büyük sorular : _bAtıkları ayrıştırmak ne işe yarar? _chazırlayan Karine Balzeau ;çeviri Aynur Aldaş Açkalmaz. |
||
| 250 | _a1.bs | ||
| 264 |
_aİstanbul : _b Akan Ajans, _c2018. |
||
| 300 |
_a[48] pages: _bill; _c22 cm |
||
| 336 |
_2rdacontent _atext _btxt |
||
| 337 |
_2rdamedia _aunmediated _bn |
||
| 338 |
_2rdacarrier _avolume _bnc |
||
| 490 | _v1 | ||
| 653 | _aengellilik | ||
| 942 |
_2ddc _cBK |
||